Bookhives UGC NET previous year solved papers includes paper II and III: life sciences (Record no. 164521)

MARC details
000 -LEADER
fixed length control field 00667nam a2200217Ia 4500
003 - CONTROL NUMBER IDENTIFIER
control field OSt
005 - DATE AND TIME OF LATEST TRANSACTION
control field 20230509095519.0
008 - FIXED-LENGTH DATA ELEMENTS--GENERAL INFORMATION
fixed length control field 210423s2011 xx 000 0 und d
020 ## - INTERNATIONAL STANDARD BOOK NUMBER
International Standard Book Number -
040 ## - CATALOGING SOURCE
Transcribing agency AL
041 ## - LANGUAGE CODE
Language code of text/sound track or separate title eng
082 ## - DEWEY DECIMAL CLASSIFICATION NUMBER
Classification number 570.02 THAV
Edition number 23
100 ## - MAIN ENTRY--PERSONAL NAME
Personal name THAKUR (Vasant Kumar),Ed
9 (RLIN) 100266
245 ## - TITLE STATEMENT
Title Bookhives UGC NET previous year solved papers includes paper II and III: life sciences
260 ## - PUBLICATION, DISTRIBUTION, ETC.
Place of publication, distribution, etc. New Delhi
Name of publisher, distributor, etc. Bookhive
Date of publication, distribution, etc. 2011
300 ## - PHYSICAL DESCRIPTION
Extent 104
Other physical details PB
365 ## - TRADE PRICE
Price amount 160
Currency code INR
650 ## - SUBJECT ADDED ENTRY--TOPICAL TERM
Topical term or geographic name entry element Life Sciences
9 (RLIN) 100267
906 ## - LOCAL DATA ELEMENT F, LDF (RLIN)
a Bookhives ; III: ; includes ; life ; NET ; paper ; papers ; previous ; sciences ; solved ; UGC ; year
942 ## - ADDED ENTRY ELEMENTS (KOHA)
Source of classification or shelving scheme Dewey Decimal Classification
Koha item type Book
Holdings
Withdrawn status Lost status Damaged status Not for loan Collection code Home library Current library Date acquired Source of acquisition Cost, normal purchase price Total Checkouts Full call number Barcode Date last seen Price effective from Koha item type
        Bio Technology St Aloysius PG Library St Aloysius PG Library 07/14/2011 Athulya Books 160.00   570.02 THAV PG011019 08/24/2022 04/26/2021 Book